000 00481nam a2200181Ia 4500
001 19972
005 20260306172732.0
008 260306t1995||||xx |||||||||||||| ||spa||
041 _aESP
082 _a342
_bV18
100 _aValdivia Cano, Ramiro
_eAUT
245 0 _aRepública independietne y otros ensayos periodísticos sobre:
_bDerecho Constitucional en el Perú
260 _c1995
300 _a
_c20 cm.
650 _aGEN
654 _aCDE
942 _cLIB
_dJUS
_fJUS
_2ddc
_n
999 _c19972
_d19972